| 000 | 01064nmm a2200361 a 4500 | ||
|---|---|---|---|
| 003 | AR-X00000XY | ||
| 005 | 20251128211911.0 | ||
| 008 | 067020s2004 ||||||||||||||000 | spa|| | ||
| 020 | _a958-709-154-X | ||
| 040 | _cAR-X00000XY | ||
| 245 | 1 | 0 | _aGran atlas y geografía de Colombia |
| 260 |
_aBogotá _bIntermedio _c2004 |
||
| 300 | 0 |
_a224 p. _bil, mapas, fot. |
|
| 500 | 0 | _aDonación de la Embajada de Colombia en Buenos Aires | |
| 500 | 0 | _aIncluye índice de topónimos y de territorios insulares | |
| 504 | _aContiene bibliografía en p. 224 | ||
| 650 | 4 | _aATLAS | |
| 650 | 4 | _aGEOGRAFIA GENERAL | |
| 650 | 4 | _aPOBLACION | |
| 650 | 4 | _aGEOGRAFIA FISICA | |
| 650 | 4 | _aGEOGRAFIA HISTORICA | |
| 650 | 4 | _aECONOMIA | |
| 650 | 4 | _aGEOGRAFIA POLITICA | |
| 650 | 4 | _aDATOS ESTADISTICOS | |
| 650 | 4 | _aCARTOGRAFIA | |
| 651 | 4 | _aColombia | |
| 700 | 1 | _aPérez Preciado, Alfonso | |
| 700 | 1 |
_aAlzate, Fabián _efotógrafo |
|
| 700 | 1 |
_aRamírez, Juan Manuel _eilustrador |
|
| 700 | 1 |
_aPorras, Patricia _eilustrador |
|
| 942 | _cBK | ||
| 998 | _cNancy | ||
| 999 |
_c21543 _d21543 |
||